| 000 | 00407nam a2200145Ia 4500 | ||
|---|---|---|---|
| 008 | 231129s2010||||xx |||||||||||||| ||spa|| | ||
| 020 | _a978-958-8596-50-1 | ||
| 040 | _bspa | ||
| 082 | _aCo861 C352pu | ||
| 100 | _aCastillo Matamoros Rafael del | ||
| 245 | 0 | _aPuertas entornadas : antología personal | |
| 260 | _c2010 | ||
| 264 | _aCaza de Libros | ||
| 942 |
_2ddc _cBKS |
||
| 999 |
_c23555 _d23555 |
||